Statistics for 7 Modes of Music

Click here to take the quiz!

General Stats

  • This quiz has been taken 5 times
  • The average score is 5 of 7

Answer Stats

Starting NoteMode% Correct
DDorian
100%
FLydian
80%
GMixolydian
80%
EPhrygian
80%
CIonian
60%
AAolian
40%
BLocrian
20%

Score Distribution

Percentile by Number Answered

Percent of People with Each Score

Your Score History

You have not taken this quiz